[Event "Prague Festival Challengers 2019"]
[Site "Prague"]
[Date "2019.03.06"]
[Round "1.1"]
[White "Nguyen, Thai Dai Van"]
[Black "Ju, Wenjun"]
[Result "1/2-1/2"]
[WhiteElo "2546"]
[BlackElo "2580"]
[Annotator "TA"]
[PlyCount "73"]
[EventDate "2019.03.06"]
[EventType "tourn"]
[EventCountry "CZE"]
[SourceTitle "playchess.com"]
[Source "ChessBase"]
[SourceQuality "1"]

{[%evp 19,73,14,0,0,28,-6,50,21,20,25,17,23,19,7,16,25,25,29,19,0,0,0,44,38,39,29,33,0,0,7,6,0,19,19,15,6,19,19,19,19,19,7,19,19,19,19,19,19,19,19,19,19,20,19,19,20]} 1. e4 e5 2. Nf3 Nf6 3. Nxe5 d6 4. Nf3 Nxe4 5. Nc3 Nxc3 6. dxc3 Be7 7. Be3 O-O 8. Qd2 Nd7 9. O-O-O c6 10. Bd3 d5 11. h4 {C42: Petroff Defence: 3 Nxe5 and unusual White 3rd moves} Re8 12. Rde1 $146 ({Predecessor:} 12. Kb1 Bc5 13. Bd4 Bxd4 14. cxd4 Nf6 15. Rde1 Ne4 {½-½ (34) Karjakin,S (2782)-Giri,A (2782) Leuven 2018}) 12... Bc5 (12... Nc5 $11) 13. Ng5 {White is slightly better.} h6 14. Bh7+ Kf8 15. Bxc5+ Nxc5 16. Rxe8+ Qxe8 17. Re1 Qd8 18. Qe3 Ne6 19. Nxe6+ Bxe6 20. Qf4 {[#] And now Rxe6 would win.} Qf6 21. Qxf6 gxf6 $14 {[%mdl 4096] Endgame KRB-KRB} 22. Bd3 Ke7 23. c4 dxc4 {The position is equal.} 24. Bxc4 f5 25. g3 Rd8 26. Bd3 Kf6 27. b3 b6 28. Re3 Rd4 29. c3 Rg4 30. f4 Rg8 31. c4 c5 32. Bf1 Rd8 33. Kc2 Rd7 34. Bg2 Rd8 35. Bf3 a5 36. Rd3 Rxd3 37. Kxd3 {Accuracy: White = 57%, Black = 58%.} 1/2-1/2

[Event "Prague Festival Challengers 2019"]
[Site "Prague"]
[Date "2019.03.06"]
[Round "1.2"]
[White "Paravyan, David"]
[Black "Stocek, Jiri"]
[Result "1-0"]
[WhiteElo "2627"]
[BlackElo "2592"]
[Annotator "TA"]
[PlyCount "45"]
[EventDate "2019.03.06"]
[EventType "tourn"]
[EventCountry "CZE"]
[SourceTitle "playchess.com"]
[Source "ChessBase"]
[SourceQuality "1"]

{[%evp 16,45,50,48,59,46,60,45,91,51,100,100,196,203,233,233,292,275,225,108,112,116,124,123,102,102,118,94,189,182,1787,1701]} 1. e4 c5 2. Nf3 d6 3. d4 cxd4 4. Nxd4 Nf6 5. Nc3 Nc6 6. Bg5 e6 7. Qd3 a6 8. Nxc6 {B62: Sicilian: Richter-Rauzer: 6...e6: Unusual White 7th moves} bxc6 9. O-O-O {LiveBook: 7 Games. e5! is the strong threat.} Qa5 (9... Be7 10. Bxf6 gxf6 11. f4 Bb7 12. f5 exf5 13. exf5 d5 14. Qe3 Qc7 15. Be2 O-O-O {½-½ (34) Brkic,A (2563)-Demchenko,A (2679) Skopje 2018}) 10. Qg3 {White is slightly better.} Rb8 11. Bc4 h6 $146 ({Predecessor:} 11... Be7 12. Bd2 Qc5 13. Bb3 O-O 14. f4 e5 15. f5 Rd8 {1-0 (81) Lagno,K (2530)-Soumya,S (2375) Caleta 2017}) 12. Be3 Nd7 13. Bb3 c5 (13... Rb7 $16) 14. Bf4 $18 e5 15. Bd2 Qc7 16. Nd5 Qb7 {intending ...c4.} 17. Ba5 (17. Bc3 $18 {has better winning chances.}) 17... c4 $16 18. Nc7+ ({Don't do} 18. Bxc4 Qxb2+ 19. Kd2 Qd4+ 20. Bd3 Nc5 $11) 18... Ke7 19. Bxc4 $40 {[%mdl 128] Black is in trouble.} Qxb2+ 20. Kd2 Qd4+ 21. Qd3 Qc5 {[#]} (21... Bb7 $16) 22. Qd5 $1 $18 {[%cal Rd5f7]} Qxf2+ $2 (22... Qxd5+ 23. Nxd5+ Ke8) 23. Kc3 {Precision: White = 73%, Black = 15%.} 1-0

[Event "Prague Festival Challengers 2019"]
[Site "Prague"]
[Date "2019.03.06"]
[Round "1.3"]
[White "Praggnanandhaa, R."]
[Black "Bartel, Mateusz"]
[Result "0-1"]
[WhiteElo "2532"]
[BlackElo "2600"]
[Annotator "TA"]
[PlyCount "68"]
[EventDate "2019.03.06"]
[EventType "tourn"]
[EventCountry "CZE"]
[SourceTitle "playchess.com"]
[Source "ChessBase"]
[SourceQuality "1"]

{[%evp 10,68,26,12,10,15,9,10,12,9,17,14,13,0,0,-6,0,-38,-23,-68,-22,-35,-39,-26,-40,-46,-24,-91,-89,-133,-139,-140,-137,-129,-129,-206,-178,-353,-333,-483,-478,-476,-453,-574,-565,-585,-569,-902,-662,-677,-817,-817,-817,-817,-817,-1336,-1201,-1180,-657,-643,-632]} 1. e4 e5 2. Nf3 Nc6 3. Bb5 a6 4. Ba4 Nf6 5. d3 d6 6. c4 Be7 {C77: Ruy Lopez: 3...a6 4 Ba4 Nf6, unusual lines} 7. h3 O-O 8. O-O Nd4 {The position is equal.} (8... Nd7 9. Be3 Bf6 10. c5 Ne7 11. cxd6 cxd6 12. Nc3 b5 13. Bb3 Bb7 14. a3 Nc5 15. Ba2 {½-½ (24) Van Foreest,J (2629)-Amin,B (2693) Wijk aan Zee 2018}) 9. Nxd4 exd4 10. Nd2 Rb8 11. f4 b5 12. Bb3 c5 13. e5 $146 ({Predecessor:} 13. Nf3 bxc4 14. Bxc4 {0-1 (47) Cornette,D (2439)-Gozzoli,Y (2565) chess.com INT 2018}) 13... Ne8 14. Qh5 bxc4 15. Bxc4 d5 $36 {[%mdl 2048] White must now prevent ...g6. Black is pushing.} 16. Bb3 g6 17. Qf3 Be6 18. f5 (18. g4 $11) 18... gxf5 $17 19. Qe2 Kh8 20. Nf3 Rg8 21. Kh2 Rg6 22. Bf4 {[#]} (22. Ne1 $17 {might work better.}) 22... Ng7 $1 $19 23. Nd2 $2 (23. Ne1) 23... Bg5 24. Rac1 (24. Rf2 {was worth a try.}) 24... Bxf4+ {Black is clearly winning.} 25. Rxf4 Qg5 26. Rf2 Nh5 ({Not} 26... c4 27. dxc4 dxc4 28. Bxc4 $17) 27. Qf3 Rbg8 28. Rxc5 Qh4 29. Nf1 f4 30. Rfc2 {[#]} Rg3 $1 {[%mdl 512]} 31. Nxg3 Rxg3 32. Qf1 {[#]} f3 $1 {[%mdl 512]} 33. Bxd5 (33. gxf3 Bxh3) 33... Bxd5 34. Rxd5 fxg2 {Accuracy: White = 39%, Black = 86%.} 0-1

[Event "Prague Festival Challengers 2019"]
[Site "Prague"]
[Date "2019.03.06"]
[Round "1.4"]
[White "Shirov, Alexei"]
[Black "Anton Guijarro, David"]
[Result "0-1"]
[WhiteElo "2667"]
[BlackElo "2643"]
[Annotator "TA"]
[PlyCount "60"]
[EventDate "2019.03.06"]
[EventType "tourn"]
[EventCountry "CZE"]
[SourceTitle "playchess.com"]
[Source "ChessBase"]
[SourceQuality "1"]

{[%evp 12,60,9,7,15,0,0,-8,0,-12,12,8,24,-30,-24,-20,-22,-18,-2,-7,-12,-18,-6,-8,-17,-21,-18,-216,-160,-178,-146,-129,-129,-328,-342,-332,-315,-328,-317,-392,-385,-369,-367,-364,-370,-363,-347,-403,-375,-392,-391]} 1. e4 e5 2. Nf3 Nc6 3. Bb5 a6 4. Ba4 Nf6 5. d3 Bc5 6. c3 d6 7. O-O Ba7 {C78: Ruy Lopez: Archangelsk and Möller Defences} 8. Bg5 (8. Re1 O-O 9. h3 Ne7 10. Nbd2 Ng6 11. Nf1 c6 12. Ng3 d5 13. Bb3 dxe4 14. dxe4 Qxd1 15. Rxd1 {½-½ (15) Grischuk,A (2750)-Tomashevsky,E (2696) Moscow 2017}) 8... h6 9. Bh4 g5 {The position is equal.} 10. Bg3 h5 $146 {[#] And now ...b5 would win.} ({Predecessor:} 10... Bg4 11. Nbd2 Nh5 12. Bxc6+ bxc6 13. Qa4 Nxg3 14. hxg3 Bd7 15. Nc4 h5 16. d4 c5 17. Qxa6 cxd4 18. Qb7 Qb8 19. Qd5 Be6 20. Qc6+ Bd7 21. Qd5 Be6 {½-½ (21) Czarnota,P (2575)-Buhmann,R (2583) Polanica Zdroj 2007}) 11. h4 (11. Nxg5 $2 h4 $19) 11... Nh7 12. Nbd2 (12. d4 $142) 12... g4 $11 13. Ne1 Nf8 14. d4 exd4 15. Bxc6+ bxc6 {[%cal Bb7c6,Bc6c5][%mdl 32]} 16. cxd4 Ng6 17. Qa4 Bd7 18. e5 d5 19. f3 $2 (19. Nd3 $11 {and White stays safe.}) 19... c5 $36 {[%mdl 2048] Black is in control.} 20. Qa3 c4 (20... cxd4 21. Nd3 $17) 21. Nc2 Bf5 22. Nb4 $2 (22. Qc3 $17) 22... Bxd4+ $19 {[%mdl 64] [#] Double Attack} 23. Kh2 {Strongly threatening Nc6.} Qd7 ({Less strong is} 23... Nxe5 24. Rfe1 $17) (23... Bxe5 24. Bxe5 Nxe5 25. Rfe1 $11) 24. Nxa6 Ra7 25. Rad1 Qc8 26. Qa4+ Bd7 ({Resist} 26... c6 27. Nxc4 dxc4 28. Rxd4 $19) 27. Qa5 Be6 ({Don't take} 27... Qxa6 28. Qxd5 c5 29. Ne4 $19) (27... Bc6 $2 28. Nxc7+ Qxc7 29. Qxc7 $19) 28. Nxc4 {Nxc7+! is the strong threat.} Qxa6 29. Rxd4 Qxa5 30. Nxa5 Rxa5 {Accuracy: White = 40%, Black = 89%.} 0-1

[Event "Prague Festival Challengers 2019"]
[Site "Prague"]
[Date "2019.03.06"]
[Round "1.5"]
[White "Krejci, Jan"]
[Black "Michalik, Peter"]
[Result "0-1"]
[WhiteElo "2570"]
[BlackElo "2565"]
[Annotator "TA"]
[PlyCount "116"]
[EventDate "2019.03.06"]
[EventType "tourn"]
[EventCountry "CZE"]
[SourceTitle "playchess.com"]
[Source "ChessBase"]
[SourceQuality "1"]

{[%evp 12,116,19,5,0,-10,-14,-18,-22,-18,58,-15,-16,-20,-16,-22,-20,-44,-26,-18,-25,-46,-41,-50,-48,-120,-51,-124,-49,-112,-95,-96,-94,-114,-104,-114,-85,-83,-81,-72,-82,-104,-99,-108,-108,-109,-103,-511,0,-107,-102,-79,-87,-85,-23,-28,-10,-87,-87,-91,-62,-85,-85,-93,-82,-145,-129,-129,-124,-222,-216,-223,-238,-190,-174,-190,-125,-131,-107,-171,-175,-174,-168,-224,-224,-224,-216,-212,-179,-179,-175,-212,-90,-664,-614,-657,-610,-697,-681,-664,-636,-582,-559,-416,-394,-655,-475]} 1. c4 e6 2. Nc3 d5 3. d4 Be7 4. Bf4 Nf6 5. e3 O-O 6. Rc1 {D35: Queen's Gambit Declined: Exchange Variation} (6. Nf3 c5 7. dxc5 Bxc5 8. cxd5 Nxd5 9. Nxd5 exd5 10. Bd3 Bb4+ 11. Nd2 Nc6 12. O-O Be7 13. a3 Bf6 14. Rb1 Re8 15. Nf3 Bg4 16. h3 Bh5 17. g4 Bg6 18. Bxg6 hxg6 {½-½ (39) Hammer,J (2662)-Akobian,V (2641) Saint Louis 2018}) 6... b6 7. cxd5 {LiveBook: 3 Games} Nxd5 8. Nxd5 {The position is equal.} Qxd5 9. a3 Qa5+ 10. Qd2 Qxd2+ 11. Kxd2 c5 $1 12. Be2 $146 {Bf3 is the strong threat.} ({Predecessor:} 12. Nf3 Bb7 13. dxc5 {1-0 (56) Girya,O (2444)-Khotenashvili,B (2454) Chengdu 2016}) 12... Nc6 {[%cal Bb8c6,Bc6a5,Ba5b3][%mdl 32]} 13. Bf3 Bd7 14. Ne2 Rac8 15. dxc5 Na5 {And now ...Nb3+ would win.} 16. Ke1 {White wants to play b4.} Nb3 17. Rd1 Nxc5 {Threatens to win with ...Ba4.} 18. Nc3 (18. Bd6 $15 Bxd6 19. Rxd6) 18... Rfd8 (18... Bf6 $1 $17 19. Bb7 Bxc3+ 20. bxc3 Rcd8) 19. Bd6 (19. Be5 $15) 19... Kf8 ({Black should play} 19... Bf6 $1 $17 {White must now prevent ...Na4.} 20. Bxc5 bxc5) 20. h4 ({Better is} 20. Bxe7+ $15 Kxe7 21. g3) 20... Bxd6 $17 21. Rxd6 Ke7 22. Rd2 Na4 $1 {[%cal Ra4c3]} 23. Nd1 Rc1 24. h5 Nc5 25. Rh4 e5 26. Rb4 g5 27. hxg6 hxg6 28. Rd5 Rc2 29. Be4 $2 {[%mdl 8192]} (29. Rxe5+ $17 {is tougher.} Be6 30. Be4) 29... Rc1 $2 (29... Nxe4 $19 {is more deadly.} 30. Rxe5+ Kf6 31. Rexe4 Bb5 $1 {[%mdl 512]}) 30. Bf3 $1 Bf5 {aiming for ...Nd3+.} 31. Rxd8 Kxd8 32. Be2 Be6 ({Black should try} 32... Rc2 $17 33. e4 Be6) 33. Kd2 Ra1 34. Nc3 (34. Rh4 $11 {keeps the balance.}) 34... Nb3+ 35. Kc2 Rc1+ 36. Kd3 Rg1 37. g3 Rg2 38. Nd1 (38. Bd1 $142 Na5 39. Ke2) 38... Nc5+ 39. Kd2 g5 $1 40. Bf3 (40. Ke1 $17) 40... Rh2 $19 41. a4 Kc7 42. a5 Nb3+ 43. Ke1 Nxa5 (43... f5 $1 $19 44. axb6+ axb6) 44. Nc3 $17 Nb7 45. Bxb7 (45. Ra4 $17 Kb8 46. b4) 45... Kxb7 {[%mdl 4096] Endgame KRB-KRN} 46. Ne4 Bd5 47. Nxg5 (47. Nc3 {might work better.} Bc6 48. e4) 47... f6 $19 48. Ne4 a5 49. Nxf6 axb4 50. Nxd5 {KR-KN} b3 51. Nf6 {[#]} Rh8 (51... Rh6 $1 $19 {[%cal Rh6f6]} 52. Ne4 Rc6) 52. g4 $2 {[%mdl 8192] [#]} (52. Ne4 $17) 52... Rc8 $1 {[%cal Rc8c1]} 53. Ne4 {Hoping for Nd6+.} Rc2 54. g5 Rxb2 55. Nd2 Kc6 56. g6 Ra2 57. Nxb3 Kd5 58. g7 $2 (58. Nd2 Ra1+ 59. Ke2) 58... Ra8 {Precision: White = 36%, Black = 67%.} 0-1

[Event "Prague Festival Challengers 2019"]
[Site "Prague"]
[Date "2019.03.07"]
[Round "2.1"]
[White "Anton Guijarro, David"]
[Black "Krejci, Jan"]
[Result "1/2-1/2"]
[WhiteElo "2643"]
[BlackElo "2570"]
[Annotator "TA"]
[PlyCount "76"]
[EventDate "2019.03.06"]
[EventType "tourn"]
[EventCountry "CZE"]
[SourceTitle "playchess.com"]
[Source "ChessBase"]
[SourceQuality "1"]

{[%evp 26,76,24,4,12,0,27,18,20,21,36,38,32,28,54,39,50,0,0,0,0,0,0,0,0,0,33,33,187,10,92,0,58,37,32,41,45,0,0,0,0,0,0,0,0,0,0,0,0,0,0,0,0]} 1. c4 e6 2. Nc3 d5 3. d4 Nf6 4. cxd5 Nxd5 5. e4 Nxc3 6. bxc3 c5 7. Nf3 cxd4 8. cxd4 Bb4+ 9. Bd2 Bxd2+ 10. Qxd2 O-O 11. Bc4 b6 12. O-O Bb7 13. Rfe1 Nd7 14. Rad1 Rc8 {D41: Queen's Gambit Declined: Semi-Tarrasch with 5 cxd5} 15. Bb3 Qe7 (15... Re8 16. h3 Nf6 17. Qf4 Nh5 18. Qh2 h6 19. d5 exd5 20. e5 g6 21. Nd4 Ng7 22. Nb5 {½-½ (54) Mamedyarov,S (2820)-Ding,L (2804) Batumi 2018}) 16. d5 {[%cal Bd4d5,Bd5d6][%mdl 32]} Nc5 17. d6 Qd8 $146 ({Predecessor:} 17... Qf6 18. e5 Nxb3 19. axb3 Qg6 20. Re3 f6 21. exf6 Rxf6 {½-½ (138) Brunello,S (2566)-Naiditsch,Y (2405) Douglas 2016}) 18. e5 Bxf3 19. gxf3 Qd7 20. f4 f6 21. f5 (21. Bc4 {with more complications.} Qc6 22. Rc1 Qf3 23. Qe3 Qg4+ 24. Qg3) 21... Nxb3 22. axb3 {[#] aiming for exf6.} fxe5 23. Rxe5 Rxf5 24. Rxf5 exf5 $11 {[%mdl 4096] Endgame KQR-KQR} 25. Re1 f4 26. Qxf4 Rf8 $2 {[#]} (26... Qf7 $1 $14 27. Qxf7+ Kxf7) 27. Qg3 $2 (27. Qd4 $1 $18 {Strongly threatening Re7.} Qf7 28. Re7 Qg6+ 29. Kf1 Qb1+ {[%mdl 64] Double Attack} 30. Re1 Qxb3 31. d7 Qb5+ 32. Kg1 Qg5+ 33. Kh1) 27... Re8 (27... Qc6 $11) 28. Rc1 (28. Rxe8+ $16 Qxe8 29. Qg4) 28... g6 ({Black should try} 28... Qf5 $11) 29. Qf4 {Black must now prevent Rc7.} Qe6 30. Qd4 Qf5 {And now ...Qg5+ would win.} 31. h4 {Hoping for Rc7.} Re4 {The position is equal.} 32. Rc8+ $1 Qxc8 33. Qxe4 {KQ-KQ} Qd7 34. Qf4 a5 35. Qc4+ Kf8 36. Qd4 {Threatens to win with Qh8+.} Kf7 37. Qxb6 Qg4+ 38. Kf1 Qd1+ {Accuracy: White = 38%, Black = 39%.} 1/2-1/2

[Event "Prague Festival Challengers 2019"]
[Site "Prague"]
[Date "2019.03.07"]
[Round "2.2"]
[White "Ju, Wenjun"]
[Black "Michalik, Peter"]
[Result "1-0"]
[WhiteElo "2580"]
[BlackElo "2565"]
[Annotator "TA"]
[PlyCount "61"]
[EventDate "2019.03.06"]
[EventType "tourn"]
[EventCountry "CZE"]
[SourceTitle "playchess.com"]
[Source "ChessBase"]
[SourceQuality "1"]

{[%evp 16,61,15,19,12,21,25,24,26,32,22,31,56,53,45,16,75,77,74,76,95,101,107,41,20,0,0,0,0,22,14,6,105,98,106,94,91,95,179,166,533,552,560,558,606,593,839,824]} 1. e4 c5 2. Nf3 Nc6 3. Bb5 g6 4. Bxc6 dxc6 5. d3 Bg7 6. h3 Nf6 7. Nc3 Nd7 8. Be3 e5 9. Qd2 h6 {B31: Sicilian: 2...Nc6 3 Bb5 g6} 10. O-O Qe7 (10... b6 11. a3 Nf8 12. b4 Ne6 13. bxc5 f5 14. exf5 gxf5 15. Qe1 O-O 16. Rb1 e4 17. dxe4 {0-1 (36) Wang,H (2730)-Carlsen,M (2835) St Petersburg 2018}) 11. Nh2 Nf8 {White has an edge.} 12. f4 exf4 13. Bxf4 g5 14. Bg3 Ng6 15. e5 Be6 (15... Nxe5 $11 16. Rae1 O-O) 16. Rae1 O-O-O 17. Nf3 Kb8 $146 18. Ne4 Ka8 19. Qc3 (19. Qe3 $16) 19... Rd5 $14 20. a3 g4 21. hxg4 Bxg4 22. Nf6 Bxf6 $1 23. exf6 Qd7 (23... Qf8 $11 {keeps the balance.}) 24. Nh4 $1 $36 {[%cal Rh4g6][%mdl 2048] And now Nxg6 would win. White is in control.} Nxh4 25. Re7 ({But not} 25. Bxh4 $6 Be6 $11) 25... Qc8 {...Nf5 is the strong threat.} 26. Bxh4 Be6 {[#]} (26... Bh5 $16) 27. Re1 $1 $18 Rf5 $2 {[#]} (27... Rd6 {is a better chance.} 28. Qxc5 Rd5) 28. R1xe6 $1 {[%mdl 512] White is clearly winning.} fxe6 {[#]} (28... Qxe6 29. Rxe6) 29. f7 $1 {Threatening mate with Qxh8!} e5 30. Qxc5 {Strongly threatening Bf2.} b6 31. Qd6 {Accuracy: White = 70%, Black = 40%.} 1-0

[Event "Prague Festival Challengers 2019"]
[Site "Prague"]
[Date "2019.03.07"]
[Round "2.3"]
[White "Bartel, Mateusz"]
[Black "Shirov, Alexei"]
[Result "0-1"]
[WhiteElo "2600"]
[BlackElo "2667"]
[Annotator "TA"]
[PlyCount "62"]
[EventDate "2019.03.06"]
[EventType "tourn"]
[EventCountry "CZE"]
[SourceTitle "playchess.com"]
[Source "ChessBase"]
[SourceQuality "1"]

{[%evp 11,62,3,5,0,10,4,1,20,8,7,20,-25,-4,-14,-12,-24,-12,-13,-2,-2,-6,-4,-10,-6,-15,-27,-39,-32,-24,-44,-16,-59,-65,-63,-58,-51,-52,-155,-145,-109,-112,-129,-141,-223,-212,-274,-275,-608,-615,-744,-744,-1273,-1229]} 1. e4 e5 2. Nf3 Nc6 3. Bb5 a6 4. Ba4 Nf6 5. Nc3 Be7 6. d3 d6 7. a3 {C77: Ruy Lopez: 3...a6 4 Ba4 Nf6, unusual lines} (7. Bxc6+ bxc6 8. d4 exd4 9. Nxd4 Bd7 10. Qf3 c5 11. Nf5 Bxf5 12. Qxf5 Qd7 13. Qxd7+ Kxd7 14. Bf4 Rhe8 {½-½ (46) Horvath,A (2481)-Horvath,D (2429) Budapest 2018}) 7... O-O 8. h3 Nd4 $146 ({Predecessor:} 8... h6 9. Bb3 Be6 10. Nd5 Bxd5 11. exd5 Nb8 12. Be3 Nbd7 13. Ba2 Re8 14. O-O Bf8 {0-1 (41) Gonen,M (1634)-Hanci,I (1615) Antalya 2019}) 9. Nxd4 {The position is equal.} exd4 10. Ne2 d5 11. exd5 (11. e5 $5 {[%cal Re5f6]} Nd7 12. Bxd7 Bxd7 13. Nxd4 $11) 11... Nxd5 12. O-O c5 13. Bb3 Be6 14. Re1 Bd6 15. Ng3 Bxg3 16. fxg3 b5 {[%cal Bb7b5,Bb5c4,Bc4c3][%mdl 32]} 17. Qf3 Rc8 18. Kh2 c4 19. Ba2 h6 20. dxc4 bxc4 21. Rd1 Qb6 22. Qf2 Ne3 $36 {[%mdl 2048] Black has good play.} 23. Re1 c3 24. b4 (24. b3 $15) 24... Bxa2 $17 25. Rxa2 {[%cal Rc1e3]} Rfe8 {aiming for ...Qe6.} 26. Bxe3 dxe3 ({Resist} 26... Rxe3 27. Raa1 $15) 27. Qf3 {[#]} (27. Qf1 $17) 27... Rc6 $1 $19 {[%cal Bc8c6,Bc6f6,Bf6f2][%mdl 32]} 28. Raa1 Rf6 29. Qg4 $2 (29. Qe2 Qc6 30. Rf1) 29... Rf2 {Black is clearly winning.} 30. Re2 Qb5 31. Rae1 h5 {Accuracy: White = 43%, Black = 73%.} 0-1

[Event "Prague Festival Challengers 2019"]
[Site "Prague"]
[Date "2019.03.07"]
[Round "2.4"]
[White "Nguyen, Thai Dai Van"]
[Black "Paravyan, David"]
[Result "1-0"]
[WhiteElo "2546"]
[BlackElo "2627"]
[Annotator "TA"]
[PlyCount "65"]
[EventDate "2019.03.06"]
[EventType "tourn"]
[EventCountry "CZE"]
[SourceTitle "playchess.com"]
[Source "ChessBase"]
[SourceQuality "1"]

{[%evp 20,65,31,27,50,44,44,33,33,0,0,0,0,0,10,8,60,65,44,29,205,205,209,193,302,297,320,313,302,297,336,277,262,237,328,292,555,417,1082,1069,949,923,1386,1340,29990,29991,29991,29992]} 1. e4 e5 2. Nf3 Nc6 3. Bb5 Nf6 4. d3 Bc5 5. O-O d6 6. c3 O-O 7. h3 a6 {C65: Ruy Lopez: Berlin Defence (3...Nf6), unusual lines and 4 0-0 Bc5} 8. Bxc6 bxc6 9. d4 Bb6 10. Re1 exd4 11. cxd4 {LiveBook: 3 Games} d5 12. e5 Ne4 13. Nc3 $146 ({Predecessor:} 13. Be3 f6 14. Nbd2 f5 15. Nb3 {½-½ (63) Karjakin,S (2785)-Jakovenko,D (2722) Moscow 2012}) 13... c5 14. Be3 Nxc3 15. bxc3 c4 16. Qc2 Qd7 17. g4 Qe7 (17... Qe6 $11) 18. Ng5 $40 {[%csl Gg5][%cal Rc2h7][%mdl 128] White attacks.} g6 19. Nf3 f5 $2 {[#]} (19... Be6 $11 {and Black has nothing to worry.}) 20. exf6 $1 $18 Qxf6 21. Ne5 Be6 (21... c6 {is a better defense.} 22. Bh6 Rd8) 22. Qd2 Rfe8 23. Re2 c6 24. Bg5 Qf8 25. Nxc6 Rac8 26. Ne5 Ba5 27. Rae1 Qa3 $2 (27... Qg7 {keeps fighting.} 28. Qc1 Bc7 29. Nxc4 Qf7) 28. Re3 Rb8 (28... Qd6 $142 29. Bh6 Bc7) 29. Nc6 Rb2 30. Qc1 Qxa2 31. Rf3 ({Inferior is} 31. Rxe6 Rxe6 32. Rxe6 Rb1 $11) 31... Bxc3 {[#]} 32. Qf4 $1 {[%mdl 512]} Qa3 {[#]} 33. Rxe6 $1 {[%mdl 512] Precision: White = 85%, Black = 35%.} 1-0

[Event "Prague Festival Challengers 2019"]
[Site "Prague"]
[Date "2019.03.07"]
[Round "2.5"]
[White "Stocek, Jiri"]
[Black "Praggnanandhaa R"]
[Result "1/2-1/2"]
[WhiteElo "2592"]
[BlackElo "2532"]
[Annotator "TA"]
[PlyCount "105"]
[EventDate "2019.03.06"]
[EventType "tourn"]
[EventCountry "CZE"]
[SourceTitle "playchess.com"]
[Source "ChessBase"]
[SourceQuality "1"]

{[%evp 9,105,22,21,20,13,15,11,14,31,33,29,33,26,29,35,20,33,10,27,20,22,15,15,20,21,12,10,8,22,-18,37,36,60,89,87,53,66,76,123,72,111,99,142,139,189,170,179,64,55,37,62,0,0,-88,-79,-89,-87,-93,-85,-82,-54,-62,-62,-66,-47,-51,0,-8,-8,-8,-8,-8,0,-8,-8,-8,-8,-8,-8,-8,-8,-8,-8,-8,0,0,8,8,8,8,8,8,8,8,8,0,0,0]} 1. c4 e5 2. Nc3 Bb4 3. Nd5 Bc5 4. Nf3 c6 5. Nc3 d6 6. e3 {A21: English Opening: 1...e5 2 Nc3} Bb4 7. d4 e4 8. Nd2 Bxc3 9. bxc3 Nf6 10. Ba3 O-O 11. c5 d5 12. Be2 Re8 13. O-O $146 b6 14. c4 Ba6 15. cxb6 axb6 16. Qb3 Nbd7 17. Rfc1 dxc4 18. Nxc4 Re6 19. f4 c5 (19... exf3 $11 20. Bxf3 Nd5) 20. dxc5 $14 Nxc5 21. Bxc5 bxc5 22. a4 Rb8 23. Rd1 Qc7 {[#]} 24. Qc2 (24. Qa2 $142 $1) 24... h5 25. a5 Rb4 26. h3 h4 27. Nb6 c4 {[#]} 28. Qc3 ({White should try} 28. Rd4 $1 $18) 28... Rb3 29. Qd4 {[%cal Re2c4]} Rc6 30. Rac1 ({Better is} 30. Kh2 $14) 30... Ra3 $11 31. Qd8+ (31. Qe5 $11 {keeps the balance.} Qxe5 32. fxe5 Rxa5 33. Rd6 Rxb6 34. Rxb6) 31... Qxd8 $17 32. Rxd8+ Kh7 33. Nd7 Nxd7 34. Rxd7 Rxe3 35. Kf2 Ra3 36. Rxf7 e3+ 37. Kf3 Rg6 ({Black should play} 37... Rxa5 $15 38. Bd1 Ra3) 38. g4 $132 {[%mdl 2048] The position is equal. White is not holding back} hxg3 {And now ...g2 would win.} 39. f5 Rc6 40. Kxg3 Rxa5 41. Kf4 {Black should prevent Rg1.} Rf6 42. Rxf6 gxf6 $11 {[%mdl 4096] Endgame KRB-KRB} 43. Rc3 Re5 44. Rxe3 Rxe3 45. Kxe3 {KB-KB} Kh6 46. h4 Bc8 47. Bg4 Bxf5 48. Bxf5 {KB-KPP} Kh5 (48... Kg7 {seems wilder.} 49. Kd4 Kh6 50. Kc3 Kg7 51. h5 Kh6) 49. Kd4 Kxh4 50. Kxc4 {Bc2 is the strong threat.} Kg5 51. Bc2 {aiming for Kd4.} f5 52. Bxf5 Kxf5 53. Kd4 {Accuracy: White = 59%, Black = 53%.} 1/2-1/2